000 00625nam a22002177a 4500
999 _c3408
_d3408
003 OSt
005 20231222075127.0
008 231222b ||||| |||| 00| 0 eng d
020 _a9789670635606
040 _cKH8
082 _a400 SIT
100 _aSiti Nur Ain,
_eauthor.
245 _aAbang Bomba, Tolong Selamatkan Abah Saya! /
_cSiti Nur Ain.
260 _aSelangor ;
_bPenerbit Zamzam,
_c2018.
300 _a24 pages :
_bcolor illustrations ;
_c19 cm x 26 cm.
440 _aSiri Aku Negaraku
650 _aMalaysian fiction
650 _aChildren's stories
_vmalay
830 _aSiri Aku Negaraku
942 _2ddc
_cTR